000
00314nam a22001337a 4500
008
181005b xxu||||| |||| 00| 0 eng d
020
_a
0262023016
041
_a
eng
080
_a
101
100
_a
24
101
_a
FIL
245
_a
Philosophical Perspectives on Newtonian Science
_c
Bricker, P
942
_2
udc
_c
BK
999
_c
48886
_d
48886